| 000 | 00829nam a22002177a 4500 | ||
|---|---|---|---|
| 008 | 170614s2016 mx||||| |||| 00| 0 eng d | ||
| 082 | 0 | 4 |
_a701.18 _bC521a |
| 110 | 1 |
_aCooperativa Cráter Invertido. _95137 |
|
| 245 | 1 | 0 |
_aApparatus / _cCooperativa Cráter Invertido. |
| 250 | _a1a ed. | ||
| 260 |
_aMéxico : _bCooperativa Cráter Invertido, _c2016. |
||
| 300 | _a204 páginas. | ||
| 500 | _aPublicado como parte del proyecto "Territories", creado por 6 organizaciones que forman parte de Artscollaboratory Ecosystem. El texto también se encuentra en idioma ruso. | ||
| 653 | 1 | 0 | _aArte contemporáneo |
| 653 | 1 | 0 | _aArte - Crítica y apreciación |
| 653 | 1 | 0 | _aEnsayos |
| 653 | 1 | 0 | _aArte - Instituciones gubernamentales |
| 653 | 1 | 0 | _aArte y educación |
| 653 | 1 | 0 | _aArte - Estado (Gobierno) |
| 653 | 1 | 0 | _aArte colaborativo |
| 999 |
_c1197 _d1197 |
||